00852nam a2200253 a 450000100060000000300090000600500170001500800410003202000210007303500190009404000260011304100130013908200300015210000250018224500390020725000130024626000540025930000320031349000630034550000790040850000190048765100290050683000630053557565BD-RJUL 20211209080529.0161210s1972 us a 001 0 eng  a0520021541 (pbk) a(BD-RjUL)57689 aBD-RjULbengcBD-RjUL1 aenghjpn 223 a306.0952 bNAJ 1972 1 aNakane, Chie,d1926-10aJapanese society / c Chie Nakane  a1st ed.  aBerkeley :bUniversity of California Press,c1972 axi, 157 p. :bill. ;c23 cm1 aPublications of the Center for Japanese and Korean Studies a0riginally published as Tate-shakai no ningen-kankei,Tokyo, Kodansha, 1967 aIncludes index 0aJapanxSocial conditions 0aPublications of the Center for Japanese and Korean Studies